[Event "Oberliga Nord W 1516"]
[Site "Germany"]
[Date "2016.03.13"]
[Round "8.6"]
[White "Bierenbroodspot, Paul"]
[Black "Alm, Christopher"]
[Result "0-1"]
[WhiteElo "2114"]
[BlackElo "2106"]
[PlyCount "32"]
[EventDate "2015.09.20"]
[EventType "team-tourn"]
[EventRounds "9"]
[EventCountry "GER"]
[SourceTitle "EXT 2017"]
[Source "ChessBase"]
[SourceDate "2016.10.25"]
[SourceVersion "1"]
[SourceVersionDate "2016.10.25"]
[SourceQuality "1"]
[WhiteTeam "Nordhorn Blanke"]
[BlackTeam "Hannover"]
[WhiteTeamCountry "GER"]
[BlackTeamCountry "GER"]

1. e4 c6 2. d4 d5 3. exd5 cxd5 4. c4 Nf6 5. Nc3 Nc6 6. Bg5 Be6 7. c5 g6 8. Qb3 Nxd4 9. Qxb7 Rb8 10. Qxa7 Nc2+ 11. Kd1 Nxa1 12. Bb5+ Rxb5 13. Nxb5 Bg7 14. f3 0-0 15. Kc1 d4 16. Ne2 Qd5 0-1

[Event "Landesliga Nord 1213"]
[Site "Bayern"]
[Date "2013.01.13"]
[Round "5.5"]
[White "Oechslein, Rainer"]
[Black "Alm, Christopher"]
[Result "0-1"]
[WhiteElo "2167"]
[BlackElo "2091"]
[PlyCount "78"]
[EventDate "2012.10.14"]
[EventType "team-tourn"]
[EventRounds "9"]
[EventCountry "GER"]
[SourceTitle "EXT 2015"]
[Source "ChessBase"]
[SourceDate "2014.11.20"]
[SourceVersion "1"]
[SourceVersionDate "2014.11.20"]
[SourceQuality "1"]
[WhiteTeam "Schweinfurt"]
[BlackTeam "Wuerzburg"]
[WhiteTeamCountry "GER"]
[BlackTeamCountry "GER"]

1. d4 Nf6 2. Nf3 g6 3. c4 Bg7 4. Nc3 0-0 5. g3 d6 6. Bg2 Nc6 7. 0-0 a6 8. d5 Na5 9. Nd2 c5 10. Qc2 Rb8 11. b3 b5 12. Rb1 e5 13. Bb2 h5 14. e3 h4 15. Rfe1 Nh5 16. a3 f5 17. Ne2 Bd7 18. f4 hxg3 19. hxg3 Re8 20. cxb5 Bxb5 21. g4 Nf6 22. fxe5 Nxg4 23. Nf4 dxe5 24. Ne6 Rxe6 25. dxe6 Bd3 26. Qc3 Bxb1 27. Rxb1 Bf6 28. e7 Bxe7 29. Bf3 Bf6 30. Bxg4 fxg4 31. b4 cxb4 32. axb4 Rc8 33. Qa3 Qxd2 34. bxa5 g3 35. Qb3+ Kg7 36. Qb7+ Kh6 37. Qh1+ Kg5 38. Qf3 Qh2+ 39. Kf1 Rc2 0-1

[Event "Oberliga Bayern 1011"]
[Site "Germany"]
[Date "2011.02.27"]
[Round "7.7"]
[White "Jell, Klaus"]
[Black "Alm, Christopher"]
[Result "0-1"]
[WhiteElo "2195"]
[BlackElo "2106"]
[PlyCount "108"]
[EventDate "2010.10.10"]
[EventType "team-tourn"]
[EventRounds "9"]
[EventCountry "GER"]
[SourceTitle "EXT 2012"]
[Source "ChessBase"]
[SourceDate "2011.11.24"]
[SourceVersion "1"]
[SourceVersionDate "2011.11.24"]
[SourceQuality "1"]
[WhiteTeam "Regensburg Fortuna"]
[BlackTeam "Wuerzburg"]
[WhiteTeamCountry "GER"]
[BlackTeamCountry "GER"]

1. e4 c6 2. Ne2 d5 3. e5 c5 4. d4 Nc6 5. c3 Bg4 6. Be3 e6 7. f3 Bf5 8. g4 Bxb1 9. Rxb1 cxd4 10. cxd4 Bb4+ 11. Nc3 h5 12. Bg2 Nge7 13. 0-0 Ng6 14. h3 Nh4 15. Bh1 g5 16. Qd2 Be7 17. Ne2 Ng6 18. Bg2 Qb6 19. Ng3 Nf4 20. Bxf4 gxf4 21. Qxf4 hxg4 22. fxg4 Qxd4+ 23. Qxd4 Nxd4 24. Nh5 Bh4 25. Nf6+ Ke7 26. Nxd5+ exd5 27. Bxd5 Ne6 28. Rf3 Rad8 29. Bxb7 Rd2 30. Rbf1 Ng5 31. Rb3 Rb8 32. Bg2 Rxb3 33. axb3 Rxb2 34. Ra1 Bf2+ 35. Kf1 Bd4 36. Ra4 Bb6 37. h4 Ne6 38. Bd5 Rf2+ 39. Ke1 Rf4 40. Rxf4 Nxf4 41. Bc4 Ng2+ 42. Ke2 Nxh4 43. Kd3 Ng6 44. Ke4 Bc7 45. Kf5 Bxe5 46. Bd5 Bc3 47. Bc4 Nf8 48. Bd5 Ne6 49. Bc4 Ng7+ 50. Ke4 Ne8 51. Be2 Kf6 52. Kd5 Bb4 53. Kc6 Nd6 54. Kd5 Kg5 0-1

[Event "Hamburg St Pauli op-A"]
[Site "Hamburg"]
[Date "2010.07.14"]
[Round "5"]
[White "Alm, Christopher"]
[Black "Zobel, Andrej"]
[Result "1-0"]
[WhiteElo "2145"]
[BlackElo "2048"]
[PlyCount "47"]
[EventDate "2010.07.10"]
[EventType "swiss"]
[EventRounds "9"]
[EventCountry "GER"]
[SourceTitle "EXT 2013"]
[Source "ChessBase"]
[SourceDate "2012.11.22"]
[SourceVersion "1"]
[SourceVersionDate "2012.11.22"]
[SourceQuality "1"]

1. c4 c5 2. g3 Nf6 3. Bg2 d5 4. cxd5 Nxd5 5. Nc3 Nc7 6. Nf3 Nc6 7. 0-0 g6 8. Ne1 Bd7 9. d3 Bg7 10. Be3 b6 11. Qd2 Rc8 12. Rc1 0-0 13. Bh6 Nd4 14. Bxg7 Kxg7 15. e3 Nf5 16. Nc2 Ne6 17. Rfd1 Bc6 18. Bxc6 Rxc6 19. Ne4 Qd5 20. Qc3+ f6 21. Nb4 cxb4 22. Qxc6 Qxa2 23. Ra1 Qb3 24. Nd2 1-0

[Event "Oberliga Bayern 0910"]
[Site "Bayern"]
[Date "2010.02.28"]
[Round "7.7"]
[White "Alm, Christopher"]
[Black "Schmidt, Anton"]
[Result "1/2-1/2"]
[WhiteElo "2088"]
[BlackElo "2076"]
[PlyCount "41"]
[EventDate "2009.10.18"]
[EventType "team-tourn"]
[EventRounds "9"]
[EventCountry "GER"]
[SourceTitle "EXT 2011"]
[Source "ChessBase"]
[SourceDate "2010.11.26"]
[SourceVersion "1"]
[SourceVersionDate "2010.11.26"]
[SourceQuality "1"]
[WhiteTeam "Wuerzburg"]
[BlackTeam "Groebenzell"]
[WhiteTeamCountry "GER"]
[BlackTeamCountry "GER"]

1. d4 Nf6 2. Bg5 c5 3. Bxf6 gxf6 4. d5 Qb6 5. Qc1 f5 6. e3 Bg7 7. c3 d6 8. g3 Nd7 9. Nd2 Nf6 10. Bg2 Bd7 11. Ne2 e6 12. Nf4 Bh6 13. c4 Bg7 14. Qc2 e5 15. Ne2 0-0-0 16. 0-0 h5 17. a3 h4 18. b4 hxg3 19. hxg3 Ng4 20. Rab1 Qc7 21. Rfc1 1/2-1/2

[Event "Oberliga Bayern 0910"]
[Site "Bayern"]
[Date "2009.11.29"]
[Round "3.8"]
[White "Jahrsdoerfer, Gerd"]
[Black "Alm, Christopher"]
[Result "1/2-1/2"]
[WhiteElo "2112"]
[BlackElo "2088"]
[PlyCount "23"]
[EventDate "2009.10.18"]
[EventType "team-tourn"]
[EventRounds "9"]
[EventCountry "GER"]
[SourceTitle "EXT 2011"]
[Source "ChessBase"]
[SourceDate "2010.11.26"]
[SourceVersion "1"]
[SourceVersionDate "2010.11.26"]
[SourceQuality "1"]
[WhiteTeam "Bad Koenigshofen"]
[BlackTeam "Wuerzburg"]
[WhiteTeamCountry "GER"]
[BlackTeamCountry "GER"]

1. e4 c6 2. d4 d5 3. e5 c5 4. c3 Nc6 5. Nf3 Bg4 6. Be2 e6 7. Be3 Qb6 8. Qd2 Bxf3 9. Bxf3 cxd4 10. cxd4 Nge7 11. 0-0 Nf5 12. Rd1 1/2-1/2

[Event "Vienna op 16th"]
[Site "Vienna"]
[Date "2009.08.16"]
[Round "2"]
[White "Stanetzek, Carsten"]
[Black "Alm, Christopher"]
[Result "1-0"]
[WhiteElo "2263"]
[BlackElo "2124"]
[PlyCount "127"]
[EventDate "2009.08.15"]
[EventType "swiss"]
[EventRounds "9"]
[EventCountry "AUT"]
[SourceTitle "CBM 131 Extra"]
[Source "ChessBase"]
[SourceDate "2009.09.03"]
[SourceVersion "2"]
[SourceVersionDate "2009.09.16"]
[SourceQuality "1"]

1. e4 c6 2. d4 d5 3. Nc3 dxe4 4. Nxe4 Bf5 5. Ng3 Bg6 6. h4 h6 7. Nf3 Nd7 8. h5 Bh7 9. Bd3 Bxd3 10. Qxd3 e6 11. Bf4 Qa5+ 12. Bd2 Qc7 13. 0-0-0 Ngf6 14. Ne4 Nxe4 15. Qxe4 0-0-0 16. g3 c5 17. Bf4 Bd6 18. Bxd6 Qxd6 19. Qe3 Qd5 20. Rd3 c4 21. Ra3 Kb8 22. Rd1 Rhf8 23. g4 Ka8 24. Qe2 Nb6 25. Ne5 Rc8 26. Qe3 c3 27. Rxc3 Rxc3 28. Qxc3 Qxa2 29. b3 Qa3+ 30. Qb2 Qa5 31. c4 f6 32. Nf3 Rc8 33. Kb1 Qb4 34. Ne1 Rd8 35. Nd3 Qa5 36. f4 Nd7 37. b4 Qa4 38. Rc1 Qc6 39. Qc3 Nb6 40. Nc5 Qg2 41. f5 exf5 42. d5 fxg4 43. Ne6 Qe4+ 44. Qc2 Qxc2+ 45. Rxc2 Rd7 46. Kb2 f5 47. Kc3 Rf7 48. Re2 a6 49. Nf4 Nd7 50. Kd4 Nf6 51. d6 Ne4 52. c5 Kb8 53. Ke5 Kc8 54. Nd5 Kd8 55. Rg2 a5 56. Ra2 Kd7 57. Rxa5 Kc6 58. Ne7+ Rxe7+ 59. dxe7 Kd7 60. Kxf5 Nf6 61. Ra7 Kxe7 62. Rxb7+ Kd8 63. Rxg7 Nd5 64. Rxg4 1-0

[Event "Oberliga Bayern 0809"]
[Site "Bayern"]
[Date "2009.01.18"]
[Round "5.8"]
[White "Stocker, Rupert"]
[Black "Alm, Christopher"]
[Result "0-1"]
[WhiteElo "2049"]
[BlackElo "2026"]
[PlyCount "74"]
[EventDate "2008.10.05"]
[EventType "team-tourn"]
[EventRounds "9"]
[EventCountry "GER"]
[SourceTitle "EXT 2020"]
[Source "ChessBase"]
[SourceDate "2019.10.17"]
[SourceVersion "1"]
[SourceVersionDate "2019.10.17"]
[SourceQuality "1"]
[WhiteTeam "Groebenzell"]
[BlackTeam "Wuerzburg"]
[WhiteTeamCountry "GER"]
[BlackTeamCountry "GER"]

1. c4 c6 2. e4 d5 3. cxd5 cxd5 4. exd5 Nf6 5. Qa4+ Nbd7 6. Nc3 g6 7. g3 Bg7 8. Bg2 0-0 9. d4 Nb6 10. Qb3 e6 11. Nf3 Nbxd5 12. 0-0 b6 13. Bg5 Bb7 14. Rfe1 h6 15. Bd2 Rc8 16. Rac1 Qe7 17. Nb5 a6 18. Nc3 Nxc3 19. bxc3 b5 20. a4 Bd5 21. Qd1 Qb7 22. axb5 axb5 23. Re3 Rfd8 24. Ne1 Bxg2 25. Nxg2 b4 26. cxb4 Rxd4 27. Rxc8+ Qxc8 28. Qe2 Qc2 29. Be1 Qb1 30. b5 Rb4 31. Ra3 Rxb5 32. Ne3 Rb2 33. Qf1 Qe4 34. Ra1 Nd7 35. Rd1 Ne5 36. Rd8+ Kh7 37. Qg2 Nf3+ 0-1

[Event "Oberliga Bayern 0809"]
[Site "Bayern"]
[Date "2008.10.05"]
[Round "1.8"]
[White "Alm, Christopher"]
[Black "Karcevski, Mario"]
[Result "1-0"]
[WhiteElo "1990"]
[BlackElo "2054"]
[PlyCount "79"]
[EventDate "2008.10.05"]
[EventType "team-tourn"]
[EventRounds "9"]
[EventCountry "GER"]
[SourceTitle "EXT 2020"]
[Source "ChessBase"]
[SourceDate "2019.10.17"]
[SourceVersion "1"]
[SourceVersionDate "2019.10.17"]
[SourceQuality "1"]
[WhiteTeam "Wuerzburg"]
[BlackTeam "Burgsinn"]
[WhiteTeamCountry "GER"]
[BlackTeamCountry "GER"]

1. f4 g6 2. Nf3 Nf6 3. d3 Bg7 4. e4 d6 5. Be2 0-0 6. 0-0 c5 7. a4 Nc6 8. Na3 Rb8 9. Qe1 a6 10. Qh4 Bg4 11. Nc4 Bxf3 12. Bxf3 Nd4 13. Ne3 e6 14. Bd1 Nd7 15. Qh3 b5 16. c3 Nc6 17. axb5 axb5 18. f5 exf5 19. exf5 Nf6 20. fxg6 hxg6 21. Bb3 d5 22. Rxf6 Bxf6 23. Bxd5 Ne5 24. Qg3 Qb6 25. h4 Bg7 26. h5 gxh5 27. Nf5 Qg6 28. Ne7+ Kh7 29. Nxg6 fxg6 30. Be4 Rb6 31. Be3 Rc8 32. d4 Ng4 33. dxc5 Re6 34. Qf4 Rce8 35. Ra7 Nxe3 36. Qf7 Rg8 37. Qxe6 Nf5 38. Bxf5 gxf5 39. Qxf5+ Kh6 40. Ra6+ 1-0

[Event "Oberliga Bayern 0708"]
[Site "Bayern"]
[Date "2008.01.20"]
[Round "5.7"]
[White "Alm, Christopher"]
[Black "Willim, Michael"]
[Result "1/2-1/2"]
[WhiteElo "1975"]
[BlackElo "2097"]
[PlyCount "24"]
[EventDate "2007.10.21"]
[EventType "team-tourn"]
[EventRounds "9"]
[EventCountry "GER"]
[SourceTitle "EXT 2009"]
[Source "ChessBase"]
[SourceDate "2008.11.26"]
[SourceVersion "1"]
[SourceVersionDate "2008.11.26"]
[SourceQuality "1"]
[WhiteTeam "Wuerzburg"]
[BlackTeam "Nuernberg NT"]
[WhiteTeamCountry "GER"]
[BlackTeamCountry "GER"]

1. d4 e6 2. Nf3 Nf6 3. Nbd2 c5 4. e3 b6 5. Bd3 Bb7 6. 0-0 cxd4 7. exd4 Be7 8. Re1 0-0 9. Nf1 d6 10. Ng3 Nbd7 11. Qe2 Re8 12. c3 Nf8 1/2-1/2

[Event "Bad Koenigshofen op 6th"]
[Site "Bad Koenigshofen"]
[Date "2007.12.28"]
[Round "5"]
[White "Kuhn, Norbert"]
[Black "Alm, Christopher"]
[Result "1-0"]
[WhiteElo "2155"]
[BlackElo "2112"]
[PlyCount "85"]
[EventDate "2007.12.26"]
[EventType "swiss"]
[EventRounds "7"]
[EventCountry "GER"]
[SourceTitle "CBM 122 Extra"]
[Source "ChessBase"]
[SourceDate "2008.03.04"]
[SourceVersion "1"]
[SourceVersionDate "2008.03.04"]
[SourceQuality "1"]

1. e4 Nf6 2. Nc3 d5 3. e5 d4 4. exf6 dxc3 5. fxg7 cxd2+ 6. Bxd2 Bxg7 7. Qf3 Bxb2 8. Rd1 Qd6 9. Bc3 Bxc3+ 10. Qxc3 Qe6+ 11. Be2 Rg8 12. Nf3 Nc6 13. Rd3 Bd7 14. 0-0 0-0-0 15. Rb1 Rg4 16. Re3 Re4 17. Ba6 Qxa2 18. Bxb7+ Kb8 19. Qb3 Qxb1+ 20. Qxb1 Rb4 21. Rb3 Rxb3 22. Qxb3 Be6 23. Qb1 Ba2 24. Qf1 Bc4 25. Qb1 Ba2 26. Qa1 Kxb7 27. h4 Bd5 28. Qb2+ Ka8 29. Qb5 Rd6 30. Ne1 Nd4 31. Qe8+ Kb7 32. Qxe7 a5 33. Nd3 Nxc2 34. Qe2 Nb4 35. Nxb4 axb4 36. Qb5+ Kc8 37. Qxb4 Rg6 38. g3 Rb6 39. Qg4+ Kb7 40. Qd1 Rd6 41. Qb1+ Ka7 42. Qxh7 Bf3 43. g4 1-0

[Event "Bad Koenigshofen op 6th"]
[Site "Bad Koenigshofen"]
[Date "2007.12.26"]
[Round "2"]
[White "Akuerek, Ferdi"]
[Black "Alm, Christopher"]
[Result "0-1"]
[WhiteElo "1473"]
[BlackElo "2112"]
[PlyCount "66"]
[EventDate "2007.12.26"]
[EventType "swiss"]
[EventRounds "7"]
[EventCountry "GER"]
[SourceTitle "CBM 122 Extra"]
[Source "ChessBase"]
[SourceDate "2008.03.04"]
[SourceVersion "1"]
[SourceVersionDate "2008.03.04"]
[SourceQuality "1"]

1. e4 Nf6 2. Nc3 d5 3. e5 d4 4. Nce2 Nfd7 5. f4 c5 6. Ng3 g6 7. h4 Bh6 8. d3 Nb6 9. h5 Nc6 10. hxg6 hxg6 11. f5 Bg7 12. fxg6 fxg6 13. Rxh8+ Bxh8 14. Ne4 Qd5 15. Nf3 Bf5 16. Ng3 0-0-0 17. Nxf5 gxf5 18. Bf4 Nxe5 19. Be2 Rg8 20. Nxe5 Bxe5 21. Bf3 Qd6 22. Bxe5 Qxe5+ 23. Qe2 Qxe2+ 24. Kxe2 Rh8 25. Kf2 e6 26. Re1 Re8 27. c3 Re7 28. cxd4 cxd4 29. Rc1+ Rc7 30. Rxc7+ Kxc7 31. b3 Nd7 32. Kg3 Nc5 33. Kf4 Nxd3+ 0-1

[Event "Verbandsliga Nord Baden 0607"]
[Site "Germany"]
[Date "2007.03.11"]
[Round "7.4"]
[White "Arlt, Reinhard"]
[Black "Alm, Christopher"]
[Result "1/2-1/2"]
[WhiteElo "2204"]
[BlackElo "2114"]
[PlyCount "44"]
[EventDate "2006.10.22"]
[EventType "team"]
[EventRounds "9"]
[EventCountry "GER"]
[SourceTitle "EXT 2008"]
[Source "ChessBase"]
[SourceDate "2007.11.25"]
[SourceVersion "1"]
[SourceVersionDate "2007.11.25"]
[SourceQuality "1"]
[WhiteTeam "Karlsruhe II"]
[BlackTeam "Mosbach"]
[WhiteTeamCountry "GER"]
[BlackTeamCountry "GER"]

1. e4 c6 2. d4 d5 3. e5 c5 4. c3 Nc6 5. Nf3 Bg4 6. Nbd2 e6 7. a3 cxd4 8. cxd4 Nh6 9. Be2 Nf5 10. b4 Qb6 11. Bb2 Be7 12. b5 Bxf3 13. Nxf3 Na5 14. Qa4 Rc8 15. Rc1 0-0 16. 0-0 a6 17. Bc3 Nc4 18. bxa6 Qxa6 19. Qxa6 bxa6 20. a4 h5 21. Ba1 Ba3 22. Rc3 Bb4 1/2-1/2